Czech agriculture sfter the accession to the European Union - impacts on the development of its multifuncionality
Vývoj úrovne multifunkčného charakteru českého poľnohospodárstva a jeho jednotlivých kategórií fariem za obdobie 2003-2005. Situácia pred a po vstupe ČR do EÚ. Relatívne hodnotenie v čase a medzi jednotlivými kategóriami poľnohospodárskych podnikov je založené na množine indikátorov pre tri základné...
Gespeichert in:
| 1. Verfasser: | |
|---|---|
| Weitere Verfasser: | |
| Format: | Buchkapitel |
| Sprache: | Englisch |
| Schlagworte: | |
| Tags: |
Keine Tags, Fügen Sie das erste Tag hinzu!
|
MARC
| LEADER | 00000naa$a2200000$$$4500 | ||
|---|---|---|---|
| 001 | 0075816 | ||
| 005 | 20240717104129.3 | ||
| 041 | 0 | |a eng | |
| 044 | |a CZ | ||
| 245 | 1 | 0 | |a Czech agriculture sfter the accession to the European Union - impacts on the development of its multifuncionality |c Tomáš Doucha, Ivan Foltýn |
| 520 | |a Vývoj úrovne multifunkčného charakteru českého poľnohospodárstva a jeho jednotlivých kategórií fariem za obdobie 2003-2005. Situácia pred a po vstupe ČR do EÚ. Relatívne hodnotenie v čase a medzi jednotlivými kategóriami poľnohospodárskych podnikov je založené na množine indikátorov pre tri základné osi multifunkčnosti: ekonomická výkonnosť, vzťah k životnému prostrediu, vzťah k rozvoju vidieka. | ||
| 610 | 2 | 0 | |a poľnohospodárstvo |
| 610 | 2 | 0 | |a politika poľnohospodárska |
| 610 | 2 | 0 | |a Česko |
| 100 | 1 | |a Doucha, Tomáš | |
| 700 | 1 | |a Foltýn, Ivan | |